000 00526nam a2200169Ia 4500
003 GCL
008 140319s9999 xx 000 0 ara d
040 _aGCL /
_cGCL
082 0 4 _aد
_b050
_bا ا
100 1 _aوزارة الثقافة والارشاد القومى
245 1 0 _aاعلام العرب /
_cوزارة الثقافة والارشاد القومى
300 _aمتعدد
650 0 4 _aاعلام العرب
650 0 4 _aاغانى الاطفال
650 0 4 _aاعلام الاسلام
942 _2ddc
_cCF
999 _c27094
_d27094